QUEST Central Library Banner

Under Water Concreting and Repair (Record no. 7300)

MARC details
000 -LEADER
fixed length control field 00371nam a2200121 4500
082 ## - DEWEY DECIMAL CLASSIFICATION NUMBER
Classification number 628.114MCL
100 ## - MAIN ENTRY--AUTHOR NAME
Personal name Mcleish, A.
245 ## - TITLE STATEMENT
Title Under Water Concreting and Repair
260 ## - PUBLICATION, DISTRIBUTION, ETC. (IMPRINT)
Place of publication New York:
Name of publisher Halsted Press,
Year of publication 1994.
300 ## - PHYSICAL DESCRIPTION
Number of Pages 148p. ;
856 ## - ELECTRONIC LOCATION AND ACCESS
Uniform Resource Identifier http://books.google.com.pk/books/about/Underwater_concreting_and_repair.html?id=8pRRAAAAMAAJ&redir_esc=y
942 ## - ADDED ENTRY ELEMENTS (KOHA)
Koha item type Books
Holdings
Withdrawn status Lost status Collection code Home library Current library Date acquired Full call number Accession Number Koha item type
    Reference Reference Section Reference Section 19/06/2014 628.114MCL (Shelf - 75F) 25652 Books

Copyright © 2018,The QUEST, Nawabshah, Shaheed Benazirabad. All rights reserved
Mr. G. Farooq Channar (Librarian) QUEST, Nawabshah, Sindh, Pakistan 67480.
 Ph#: |   0244-9370381-4 Ext. 2308   Email| lib@quest.edu.pk   Web|  http://www.quest.edu.pk